| 000 | 01207nac a22002651u 4500 | ||
|---|---|---|---|
| 010 | _a 00012104 | ||
| 020 | _a0787953458 (acid-free, recycled stock) | ||
| 082 | 0 | 0 |
_a658.406 _bEVA. |
| 090 |
_c5235 _d5235 |
||
| 100 | _aEvans, Jeff, | ||
| 245 | 1 | 0 |
_aTen tasks of change : _bdemystifying changing organizations / _cJeff Evans and Chuck Schaefer. |
| 246 | 3 | _a10 tasks of change | |
| 260 |
_aSan Francisco : _bJossey-Bass/Pfeiffer,c2001. _cc2001. |
||
| 300 |
_axviii, 270 p.: _bill. ; _c24 cm. |
||
| 500 | _aDistributer :Al Ahram. | ||
| 504 | _aIncludes bibliographical references (p. 257-260) and index. | ||
| 511 | _aCatalogued By :Mahitab. | ||
| 650 | 0 |
_aOrganizational change _vHandbooks, manuals, etc. |
|
| 700 | 1 | _aSchaefer, Chuck. | |
| 856 | 4 | 2 |
_3Contributor biographical information _uhttp://www.loc.gov/catdir/bios/wiley043/00012104.html |
| 856 | 4 | 2 |
_3Publisher description _uhttp://www.loc.gov/catdir/description/wiley036/00012104.html |
| 856 | 4 | 2 |
_3Table of Contents _uhttp://www.loc.gov/catdir/toc/onix07/00012104.html |
| 942 |
_cBB _k658.406EVA. |
||
| 999 |
_c5235 _d5235 |
||